| 000 | 00977nam a22002895a 4500 | ||
|---|---|---|---|
| 005 | 20201128023558.0 | ||
| 008 | 150929t2015 nyua frb 001 0 eng d | ||
| 020 | _a9789814595278 | ||
| 020 | _a9814595276 | ||
| 040 |
_aEG-ScBUE _beng _cEG-ScBUE |
||
| 082 | 0 | 4 |
_a621.4022 _bCEN _222 |
| 100 | 1 |
_938442 _aÇengel, Yunus A. |
|
| 245 | 1 | 0 |
_aHeat and mass transfer : _bfundamentals & applications / _cYunus A. Çengel, Afshin J. Ghajar. |
| 246 | 3 |
_aHeat and mass transfer : _bfundamentals and applications |
|
| 250 | _a5th ed., SI units | ||
| 260 |
_aNew York : _bMcgraw Hill Education, _cc.2015. |
||
| 300 |
_axxiii, 944 p. : _bill. ; _c28 cm. |
||
| 500 | _aIndex : p. 933-944. | ||
| 504 | _aIncludes bibliographical references. | ||
| 650 | 7 |
_aMass transfer. _2BUEsh _937175 |
|
| 650 | 7 |
_aHeat _xTransmission. _2BUEsh _93121 |
|
| 651 | _2BUEsh | ||
| 653 |
_bENGGEN _cSeptember2015 |
||
| 655 |
_vText book _933728 |
||
| 700 | 1 | _aGhajar, Afshin J. | |
| 942 |
_2ddc _k621.4022 CEN |
||
| 999 |
_c20867 _d20839 |
||